000 00288nam a22001337a 4500
008 181019b xxu||||| |||| 00| 0 eng d
020 _a9780133058222
041 _aeng
080 _23ED
_a338
100 _a59
101 _aKON
245 _aAccouting
_cHarrison.R.H
942 _2udc
_cBK
999 _c50180
_d50180